000 02644cam a2200265 4500500
005 20260208001804.0
041 _afre
042 _adc
100 1 0 _aAzmat, Ghazala
_eauthor
700 1 0 _aIriberri, Nagore
_eauthor
700 1 0 _aThebault, Georgia
_eauthor
245 0 0 _aRelative Performance Feedback in Education
260 _c2026.
500 _a64
520 _aPerformance feedback is a common feature in education, often delivered alongside social comparisons. This review paper explores the theoretical reasons why students’ academic performance might respond to relative performance feedback, even when it is provided privately and without monetary incentives. We then review empirical evidence to assess what has been learned thus far, highlighting the significance of heterogeneity in the effectiveness of feedback (depending on socio-demographic background, ability priors, granularity of information, among others). As a policy tool, we advocate for more targeted approaches and stress the need to consider its broader effects on non-academic outcomes.
520 _aInformer les élèves sur leur performance relative (et non uniquement absolue) est une caractéristique commune à de nombreux systèmes éducatifs. Cette revue de la littérature examine dans une première partie les fondements théoriques expliquant pourquoi les élèves peuvent réagir à ce type d’information, même lorsque celle-ci est communiquée de manière privée et sans incitation monétaire. La deuxième partie est consacrée aux résultats des principales études empiriques menées à ce jour, mettant en évidence l’existence d’effets hétérogènes de ce type de dispositif selon les caractéristiques socio-démographiques des élèves, leur niveau scolaire, ou encore le niveau de précision de l’information délivrée. Nous préconisons ainsi de donner cette information avec précaution, et surtout de manière ciblée. Nous soulignons également la nécessité de prendre en compte les effets de ce type de retours sur un ensemble de dimensions du parcours scolaire des élèves, y compris par-delà leurs seules performances scolaires. Classification JEL : I24, D91.
690 _aperformances académiques
690 _arésultats non-académiques
690 _aretours sur les performances relatives
690 _aacademic performance
690 _anon-academic outcomes
690 _arelative performance feedback
786 0 _nRevue économique | 76 | 4 | 2026-01-16 | p. 505-525 | 0035-2764
856 4 1 _uhttps://shs.cairn.info/revue-revue-economique-2025-4-page-505?lang=en&redirect-ssocas=7080
999 _c1645235
_d1645235